000 00830nam a2200241 i 4500
001 110796
003 ES-MaACL
005 20250905123715.0
007 t|
008 070126s1930 sp ||||1| spa d
080 _a340.12
100 1 _aStammler, Rudolf.
_9107878
245 1 0 _aTratado de filosofía del derecho /
_cpor R. Stammler ; traducción de la segunda edición alemana por W. Roces.
250 _a1ª ed.
260 _aMadrid :
_bHijos de Reus,
_c1930.
300 _aXXII, 455 p. ;
_c23 cm.
490 1 _aBiblioteca jurídica de autores españoles y extranjeros ;
_v137
650 4 _aDerecho-
_xFilosofía
_911620
700 1 _aRoces, Wenceslao,
_d1897-1992
_998039
830 0 _aBiblioteca jurídica de autores españoles y extranjeros ;
_v137
_9182228
852 _aES-MaACL
_jE-3119
999 _c110796
_d110796